000 00207nam a2200097Ia 4500
008 190216s9999||||xx |||||||||||||| ||und||
100 _aNull
245 0 _aHindi-Rotha Hua Sahar
260 _bNull
942 _cBK
999 _c18263
_d18263